000 00576nam a2200229Ia 4500
003 OSt
005 20220918200520.0
006 a|||||r|||| 00| 0
007 ta
008 220917b |||||||| |||| 00| 0 eng d
024 _a89,118
037 _cTextual
040 _aARTS
_cARTS
_beng
041 _2eng
_aeng
082 _aU28:(D65:44), J9 (UD)
100 _aBattan Louis J
_994409
245 0 _aRadar meteorology
260 _c1959
650 _aGEOGRAPHY
942 _hU28:(D65:44), J9 (UD)
_cTEXL
_2CC
999 _c212788
_d212788